[Event "21st World Seniors Women"]
[Site "Rijeka CRO"]
[Date "2011.11.19"]
[Round "5.5"]
[White "Bilunova,R"]
[Black "Strutinskaya,G"]
[Result "1/2-1/2"]
[WhiteElo "2151"]
[BlackElo "2277"]

1.e4 c5 2.Nf3 Nc6 3.Nc3 e6 4.Bb5 Nd4 5.Nxd4 cxd4 6.Ne2 a6 7.Ba4 b5 8.Bb3 Bb7
9.d3 Qb6 10.O-O Ne7 11.c3 Nc6 12.cxd4 Nxd4 13.Nxd4 Qxd4 14.Qe2 Bc5 15.Be3 Qe5
16.Bxc5 Qxc5 17.Rac1 Qd4 18.Rc2 O-O 19.Qe3 Qxe3 20.fxe3 a5 21.a3 Bc6 22.e5 Rab8
23.Rf4 Rb6 24.Rcf2 a4 25.Bd1 h6 26.Bh5 f5 27.exf6 Rxf6 28.Rxf6 gxf6 29.Rxf6 b4
30.axb4 Rxb4 31.Rf2 Rb3 32.Rd2 Kg7 33.Kf2 Kf6 34.Bf3 Bb5 35.Bd1 Rb4 36.g3 Ke5
37.d4+ Kd5 38.h4 e5 39.dxe5+ Kxe5 40.g4 d6 41.h5 Bd7 42.Kg3 Re4 43.Rd3 Rb4
44.Rd4 Rxb2 45.Bxa4 Be6 46.Bd1 Rb1 47.Bf3 Rb3 48.Re4+ Kf6 49.Kf4 Rc3 50.Rd4 Rc4
51.Re4  1/2-1/2

[Event "WYCC U14 Girls"]
[Site "Caldas Novas BRA"]
[Date "2011.11.20"]
[Round "3"]
[White "Haussernot,C"]
[Black "Valyi,A"]
[Result "1-0"]
[WhiteElo "2100"]
[BlackElo "1904"]

1.e4 c5 2.Nc3 Nc6 3.Nf3 g6 4.d4 cxd4 5.Nxd4 Bg7 6.Be3 Nf6 7.Bc4 O-O 8.Bb3 d6
9.f3 Bd7 10.Qd2 Nxd4 11.Bxd4 b5 12.O-O a5 13.a4 b4 14.Ne2 Be6 15.Bxe6 fxe6
16.Rad1 Rc8 17.c3 b3 18.Qe3 Qd7 19.Qg5 Qxa4 20.Ng3 e5 21.Bf2 Qc4 22.h4 Qf7
23.Ra1 Ra8 24.Ra4 Ra6 25.Rfa1 Rfa8 26.Qd2 Nd7 27.c4 Qf4 28.Qd5+ Qf7 29.Qb5 Nc5
30.Bxc5 dxc5 31.Qxc5 Qf4 32.Nf1 Qxh4 33.Rxa5 Qf6 34.Rxa6  1-0

[Event "Vilnius Open 2011"]
[Site "Vilnius LTU"]
[Date "2011.11.20"]
[Round "2"]
[White "Rutkauskas,G"]
[Black "Stremavicius,T"]
[Result "0-1"]
[WhiteElo "1933"]
[BlackElo "2179"]

1.e4 c5 2.Nf3 Nc6 3.Nc3 d6 4.d4 cxd4 5.Nxd4 Nf6 6.f3 g6 7.Be3 Bg7 8.Qd2 Bd7
9.Bc4 a6 10.Nxc6 Bxc6 11.Bh6 Bxh6 12.Qxh6 e6 13.O-O-O Qe7 14.Qe3 O-O-O 15.Qa7 Qc7
16.Bb3 Nd7 17.Qe3 Nc5 18.Rhe1 b5 19.e5 Nxb3+ 20.axb3 dxe5 21.Qxe5 Qxe5 22.Rxe5 h5
23.Ne4 Rxd1+ 24.Kxd1 Kd7 25.h4 Ke7 26.Rc5 Bxe4 27.fxe4 Rd8+ 28.Ke2 Rd4 29.Ke3 Rd1
30.e5 Rb1 31.Rc7+ Kf8 32.Ra7 Rxb2 33.Kd3 Ra2 34.b4 Ra1 35.c3 Ra2 36.g3 Rg2
37.Rxa6 Rxg3+ 38.Kd2 g5 39.hxg5 Kg7 40.Ra1 Kg6 41.Rb1 Rxg5 42.c4 bxc4 43.b5 Rxe5
44.b6 Rd5+ 45.Ke3 Rd8 46.b7 Rb8 47.Kd4 c3 48.Kxc3 e5 49.Kd3 f5 50.Ke3 Kg5
51.Rg1+ Kh4 52.Rg7 f4+ 53.Ke4 Kh3 54.Rg5 Rxb7 55.Rxh5+ Kg2 56.Rxe5 Rb4+ 57.Kd3 f3
58.Rg5+ Kf2 59.Kd2 Kf1 60.Rg8 f2 61.Rg7 Rb8 62.Ra7 Rg8 63.Rf7 Kg2 64.Ke2 f1=Q+  0-1

[Event "Femida Cup Men"]
[Site "Kharkiv UKR"]
[Date "2011.11.21"]
[Round "2"]
[White "Tovmasian,V"]
[Black "Biriukov,N"]
[Result "1/2-1/2"]
[WhiteElo "2417"]
[BlackElo "2418"]

1.e4 c5 2.Nf3 Nc6 3.Nc3 Nf6 4.d4 cxd4 5.Nxd4 e5 6.Ndb5 d6 7.Bg5 a6 8.Na3 b5
9.Bxf6 gxf6 10.Nd5 f5 11.Bxb5 axb5 12.Nxb5 Ra7 13.Nxa7 Nxa7 14.c3 Bg7 15.Qa4+ Qd7
16.Qxd7+ Bxd7 17.exf5  1/2-1/2

[Event "Malta Open"]
[Site "Bugibba MLT"]
[Date "2011.11.22"]
[Round "3.5"]
[White "Heberla,B"]
[Black "Mikkelsen,N"]
[Result "0-1"]
[WhiteElo "2527"]
[BlackElo "2381"]

1.e4 c5 2.Nc3 Nc6 3.Bb5 Nd4 4.Bc4 e6 5.Nge2 Nf6 6.O-O a6 7.a4 d5 8.exd5 exd5
9.Ba2 Bd6 10.d3 O-O 11.Nxd4 cxd4 12.Ne2 Bg4 13.h3 Bxe2 14.Qxe2 h6 15.Qf3 Rc8
16.Bb3 Bb4 17.Qg3 Rc6 18.Qf4 Qb6 19.Rd1 Re6 20.Bd2 Bxd2 21.Qxd2 Qd6 22.a5 Rfe8
23.Re1 Nh5 24.Rxe6 Rxe6 25.Re1 Rg6 26.Re8+ Kh7 27.Qe1 Qd7 28.Qe5 Rg5 29.Re7 Qb5
30.Qxd4 Qxa5 31.Rxb7 Qe1+ 32.Kh2 Ng3  0-1

[Event "XXVII Silesian Cup"]
[Site "Legnica POL"]
[Date "2011.11.24"]
[Round "1"]
[White "Kislinsky,A"]
[Black "Hnydiuk,A"]
[Result "1-0"]
[WhiteElo "2529"]
[BlackElo "2431"]

1.e4 c5 2.Nc3 Nc6 3.Nf3 e6 4.Bb5 Nd4 5.O-O Ne7 6.Nxd4 cxd4 7.Ne2 a6 8.Bd3 Nc6
9.c3 Bc5 10.b4 Bb6 11.a4 O-O 12.Ba3 Re8 13.f4 d5 14.e5 Bd7 15.Kh1 f5 16.exf6 Qxf6
17.Qb1 Qh6 18.b5 axb5 19.axb5 Ne7 20.cxd4 Nf5 21.Bc5 Bc7 22.Rxa8 Rxa8 23.b6 Bxf4
24.Nxf4 Ng3+ 25.Kg1 Nxf1 26.Qxf1 Qf6 27.g3 Bc6 28.Qh3 Ra1+ 29.Kf2 g6 30.Qxe6+ Qxe6
31.Nxe6  1-0

[Event "25th Belgrade Trophy"]
[Site "Obrenovac SRB"]
[Date "2011.11.24"]
[Round "1.4"]
[White "Perunovic,Mil"]
[Black "Ugrcic,Z"]
[Result "1-0"]
[WhiteElo "2576"]
[BlackElo "2057"]

1.e4 c5 2.Nf3 Nc6 3.Nc3 d6 4.d4 cxd4 5.Nxd4 Nf6 6.Bg5 e5 7.Bxf6 gxf6 8.Nf5 Bxf5
9.exf5 Qa5 10.Bc4 O-O-O 11.Bd5 Nd4 12.O-O Kb8 13.Qd3 Rd7 14.a3 Qc5 15.Kh1 Rc7
16.Be4 Bh6 17.Rad1 Rd8 18.Nd5 Rcc8 19.c3 Nb3 20.Nxf6 Qa5 21.Bd5 Nc5 22.Qh3 Bg5
23.b4 Qc7 24.Nxh7 Rh8 25.bxc5 f6 26.cxd6 Qxh7 27.Qxh7 Rxh7 28.Be6 Rd8 29.d7 Kc7
30.g3 Bh6 31.Rfe1 Bf8 32.Re4 Bc5 33.Kg2 Rhh8 34.a4 a6 35.Rc4  1-0

[Event "Vizag GM Open"]
[Site "Visakhapatnam IND"]
[Date "2011.11.24"]
[Round "2"]
[White "Nolte,R"]
[Black "Md.,Shar"]
[Result "1-0"]
[WhiteElo "2455"]
[BlackElo "2089"]

1.e4 c5 2.Nc3 Nc6 3.Nf3 g6 4.d4 cxd4 5.Nxd4 Bg7 6.Be3 Nf6 7.Bc4 O-O 8.Bb3 d6
9.f3 Bd7 10.Qd2 Rc8 11.O-O-O Ne5 12.h4 h5 13.Bg5 Rc5 14.Kb1 b5 15.g4 hxg4
16.h5 gxh5 17.Bxf6 Bxf6 18.Qh6 Nc4 19.Nd5 Rxd5 20.exd5 Qa5 21.Rxh5 Rc8 22.Rg5+ Bxg5
23.Qxg5+ Kf8 24.Qh6+ Kg8 25.Bxc4 Rxc4 26.Rh1  1-0

[Event "21st World Seniors Women"]
[Site "Rijeka CRO"]
[Date "2011.11.25"]
[Round "10.9"]
[White "Abdikasova,P"]
[Black "Chireykina,N"]
[Result "0-1"]
[WhiteElo "1978"]
[BlackElo "1853"]

1.e4 c5 2.Nf3 Nc6 3.Nc3 g6 4.d4 cxd4 5.Nxd4 Bg7 6.Be3 Nf6 7.Be2 O-O 8.Qd2 d5
9.Nxc6 bxc6 10.exd5 cxd5 11.O-O-O Qa5 12.Kb1 Be6 13.Nb5 Qxd2 14.Rxd2 Ne4
15.Rdd1 Rab8 16.Kc1 Bd7 17.Nd4 e5 18.Nb3 d4 19.f3 Nf6 20.Bf2 Bh6+ 21.Kb1 Nd5
22.g3 Rfc8 23.Bd3 Nb4 24.Rhe1 f6 25.Be4 f5 26.Bd3 Bg7 27.a3 Nxd3 28.Rxd3 Bb5
29.Rdd1 Bc6 30.Nd2 Rd8 31.f4 e4 32.Nc4 e3 33.Bg1 Bf3 34.Rd3 Rdc8 35.Ne5 Be4
36.Rxd4 Rxc2 37.Rxe4 Rbxb2+ 38.Ka1 fxe4 39.Bxe3 Ra2+ 40.Kb1 Rcb2+ 41.Kc1 Rxh2
42.Bd4 Bf8 43.Kb1 Rxa3 44.Rxe4 Rxg3 45.Bxa7 Rb3+ 46.Kc1 Ba3+  0-1

[Event "21st World Seniors Women"]
[Site "Rijeka CRO"]
[Date "2011.11.25"]
[Round "10.8"]
[White "Lopatin,O"]
[Black "Kabanova,I"]
[Result "1/2-1/2"]
[WhiteElo "2091"]
[BlackElo "1959"]

1.e4 c5 2.Nc3 Nc6 3.Nf3 e6 4.Bc4 a6 5.a4 Qc7 6.O-O Nf6 7.d3 Be7 8.Re1 d6
9.d4 cxd4 10.Nxd4 Nxd4 11.Qxd4 O-O 12.Bg5 Ne8 13.Bxe7 Qxe7 14.Re3 Bd7 15.Bb3 Bc6
16.Rd1 Qg5 17.Rg3 Qf6 18.Qe3 Rd8 19.Qb6 Rd7 20.Rgd3 Qe5 21.Qe3 Nf6 22.f4 Qh5
23.h3 Rfd8 24.g4 Qc5 25.Qxc5 dxc5 26.Rxd7 Rxd7 27.Rxd7 Nxd7 28.f5 exf5 29.gxf5 Kf8
30.Bd5 Ne5 31.Kf2 Ke7 32.b3 g6 33.fxg6 hxg6 34.h4 Kd6 35.Kg3 Bxd5 36.Nxd5 f5
37.Kf4 fxe4 38.Kxe4 b5 39.axb5 axb5 40.Nc7 b4 41.Ne8+ Ke6 42.Ng7+ Kd6 43.Ne8+ Ke6
44.Nc7+ Kd6  1/2-1/2

[Event "Frauenbundesliga 2011-12"]
[Site "Germany GER"]
[Date "2011.11.26"]
[Round "3.1"]
[White "Burchardt, Brigitte"]
[Black "Zatonskih, Anna"]
[Result "0-1"]
[WhiteElo "2224"]
[BlackElo "2508"]

1.e4 c5 2.Nc3 Nc6 3.Nf3 g6 4.d3 Bg7 5.g3 Nf6 6.Bg2 d5 7.exd5 Nxd5 8.Nxd5 Qxd5
9.O-O O-O 10.Ng5 Qd7 11.a3 b6 12.Rb1 Bb7 13.b4 cxb4 14.axb4 Rac8 15.Be3 Rfd8
16.Qf3 f6 17.Bh3 f5 18.Bg2 h6 19.Nh3 e5 20.Qd1 Ne7 21.f3 Bc6 22.Qc1 g5 23.Nf2 Qb7
24.Nd1 f4 25.Bd2 Rc7 26.Qa3 Nf5 27.b5 Bd5 28.c4 Bf7 29.g4 Nh4 30.Be1 Rcd7
31.Nb2 Bf8 32.Bb4 Bxb4 33.Qxb4 Bg6 34.c5 bxc5 35.Qxc5 Rd5 36.Qc6 Rxb5 37.Qe6+ Kg7
38.Rbc1 Nxg2 39.Nc4 Nh4 40.Nd6 Qb6+  0-1

[Event "25th Belgrade Trophy"]
[Site "Obrenovac SRB"]
[Date "2011.11.26"]
[Round "3.1"]
[White "Blesic,V"]
[Black "Damljanovic,B"]
[Result "0-1"]
[WhiteElo "2388"]
[BlackElo "2597"]

1.e4 c5 2.Nc3 Nc6 3.Bb5 Nd4 4.Bc4 e6 5.Nge2 Nf6 6.O-O a6 7.d3 b5 8.Bb3 Nxb3
9.axb3 Bb7 10.Bg5 h6 11.Bh4 g5 12.Bg3 Bg7 13.f4 Nh5 14.Bf2 gxf4 15.Bxc5 Qg5
16.Bb6 Rg8 17.Rf2 Rc8 18.Qd2 f5 19.b4 Bf8 20.Ba5 e5 21.Nd5 Bxd5 22.exd5 Bd6
23.Nc3 Nf6 24.Bb6 Kf7 25.Bc5 Rxc5 26.Rxa6 Bf8 27.d4 Rxc3 28.Rxf6+ Qxf6 29.dxe5 Qxe5
30.bxc3 Bd6 31.Re2 Qf6 32.Qd3 Rb8 33.Kf1 Kg6 34.Rf2 Rc8 35.g3 fxg3 36.hxg3 Qe5
37.Re2 Qxg3  0-1

[Event "21st World Seniors"]
[Site "Rijeka CRO"]
[Date "2011.11.26"]
[Round "11.26"]
[White "Malmdin,N"]
[Black "Sawadkuhi,M"]
[Result "1-0"]
[WhiteElo "2308"]
[BlackElo "2168"]

1.e4 c5 2.Nf3 Nc6 3.Nc3 d6 4.d4 cxd4 5.Nxd4 Nf6 6.Bg5 e6 7.Qd2 a6 8.O-O-O Bd7
9.f3 Qc7 10.Kb1 Be7 11.h4 h5 12.Be2 O-O-O 13.Be3 Ne5 14.Nb3 Be8 15.Qe1 Nfd7
16.Qf2 Nc5 17.Rd2 Bd7 18.Rhd1 Kb8 19.g3 Bc8 20.f4 Ned7 21.Bf3 b6 22.Nd4 Bb7
23.b4 Nxe4 24.Nxe4 Bxe4 25.Bxe4 d5 26.Bf3 Bxb4 27.c3 Ba3 28.Rc2 b5 29.Nb3 Rc8
30.Qe2 Nb6 31.Bd4 Bd6 32.Nd2 Na4 33.Rdc1 Qe7 34.Re1 Rc7 35.Qd3 Rhc8 36.Bxd5 Bc5
37.Bg2 Bxd4 38.Qxd4 Rxc3 39.Rxc3 Rxc3 40.Nb3 Qc7 41.Rc1 f6 42.Rxc3 Nxc3+
43.Ka1 e5 44.fxe5 fxe5 45.Qc5 Ne2 46.Qf8+ Ka7 47.Qf2+ Nd4 48.Kb2 b4 49.Qd2 Qc3+
50.Qxc3 bxc3+ 51.Kxc3 Ne2+ 52.Kd3 Nxg3 53.Bh3 Kb6 54.Nd2 Kc5 55.Ne4+ Nxe4
56.Kxe4 Kd6 57.a4 a5 58.Bf5  1-0

[Event "TCh-SVK Extraliga 2011-12"]
[Site "Slovakia SVK"]
[Date "2011.11.26"]
[Round "3"]
[White "Kuchynka,Luk"]
[Black "Vovk,A"]
[Result "0-1"]
[WhiteElo "2314"]
[BlackElo "2551"]

1.e4 c5 2.Nc3 Nc6 3.Bb5 Nd4 4.Bc4 Nf6 5.Nge2 e6 6.O-O b5 7.Nxb5 Nxb5 8.Bxb5 Nxe4
9.d4 Bb7 10.Re1 Be7 11.Nf4 Nd6 12.Ba4 cxd4 13.Qxd4 O-O 14.c3 Qc7 15.Nh5 f6
16.Qg4 Rf7 17.Bf4 Rd8 18.Rad1 Qb6 19.Bb3 Ne4 20.Be3 Bc5 21.Rxd7 Rdxd7 22.Bxe6 g6
23.Bxd7 Bxe3 24.Rxe3 Qxb2 25.Qe2 Qxe2 26.Rxe2 Rxd7  0-1

[Event "TCh-CZE Liga1 Vychod"]
[Site "Czech Rep CZE"]
[Date "2011.11.27"]
[Round "4"]
[White "Sikora,J"]
[Black "Zimniok,L"]
[Result "1-0"]
[WhiteElo "2251"]
[BlackElo "2125"]

1.e4 c5 2.Nc3 Nc6 3.Nf3 d6 4.d4 cxd4 5.Nxd4 a6 6.g3 e5 7.Nde2 Nf6 8.Bg2 Be7
9.O-O O-O 10.h3 b5 11.Be3 Be6 12.Qd2 Rc8 13.a4 Bc4 14.axb5 axb5 15.Nd5 Nxd5
16.exd5 Nd4 17.Bxd4 exd4 18.Rfe1 Bxe2 19.Qxe2 Bf6 20.Ra6 Qd7 21.Qd3 Rfd8
22.Rea1 g6 23.Rc6 Ra8 24.Rxa8 Rxa8 25.Bf1 Rb8 26.Kg2 b4 27.b3 Kg7 28.Qc4 h5
29.Rc7 Qe8 30.Bd3 h4 31.Qc6 Qe5 32.Rxf7+ Kxf7 33.Qc7+ Be7 34.Qxb8 hxg3 35.fxg3 Qxd5+
36.Kf2 Qe6 37.Qxb4 Qe3+ 38.Kg2 d5 39.Qa5 Qe5 40.Qd2 Bd6 41.Qf2+ Kg7 42.h4 Qe3
43.Qf3 Qd2+ 44.Qe2 Bb4 45.Qxd2 Bxd2 46.Kf3 Kh6 47.Kg4 Be1 48.Bb5 Bc3 49.Bc6 d3
50.cxd3 d4 51.Be8 Bd2 52.h5 gxh5+ 53.Bxh5 Be1 54.Be8 Kg7 55.Kf4 Kf6 56.g4 Ke7
57.Bh5 Ke6 58.Ke4 Bc3 59.Bg6 Kf6 60.Bf5 Kg5 61.Kd5 Kf4 62.Kc5 Ke5 63.b4 Bd2
64.b5 Bg5 65.b6 Be7+ 66.Kc6 Bd6 67.b7 Bb8 68.Kd7  1-0

[Event "TCh-CZE Liga1 Vychod"]
[Site "Czech Rep CZE"]
[Date "2011.11.27"]
[Round "4"]
[White "Zednik,Josef"]
[Black "Kourek,J"]
[Result "0-1"]
[WhiteElo "2046"]
[BlackElo "2136"]

1.e4 c5 2.Nc3 Nc6 3.Bb5 Nd4 4.Bc4 e6 5.Nge2 Ne7 6.Nxd4 cxd4 7.Ne2 Nc6 8.d3 b5
9.Bb3 Bb7 10.O-O Be7 11.f4 Qb6 12.f5 Na5 13.Ng3 Nxb3 14.axb3 O-O-O 15.Qe1 h5
16.Qa5 Qxa5 17.Rxa5 a6 18.h3 e5 19.Bd2 h4 20.Ne2 d5 21.exd5 Rxd5 22.Raa1 Kb8
23.b4 Rd6 24.Rad1 Bf6 25.Be1 Rhd8 26.Nc1 Bg5 27.Bd2 Bf6 28.Nb3 Bd5 29.Nc5 Rc6
30.c3 dxc3 31.Bxc3 a5 32.Ne4 Bxe4 33.dxe4 Rxd1 34.Rxd1 axb4 35.Bxb4 Rc4 36.Bc3 b4
37.Be1 Rxe4 38.Kf1 Kc7 39.Ra1 Kc6 40.Ra7 Kb5 41.b3 Rf4+ 42.Ke2 Rxf5 43.Rb7+ Kc6
44.Rxb4 Be7 45.Rc4+ Kd5 46.Bxh4 Bxh4 47.Rxh4 Rg5 48.Kf2 f5 49.Rc4 f4 50.Rc2 e4
51.b4 Kd4 52.Rb2 Kc4 53.Re2 Kd3 54.Rb2 Rb5 55.Rb1 Kc2 56.Re1 Rxb4 57.h4 Kd3
58.Rd1+ Kc3 59.Rc1+ Kd2 60.Rc8 e3+ 61.Kf3 e2 62.Rd8+ Ke1 63.Re8 Kf1 64.Rxe2 Rb3+
65.Kxf4 Kxe2 66.g4 Rb4+ 67.Kf5 Kf3  0-1

[Event "TCh-SVK Extraliga 2011-12"]
[Site "Slovakia SVK"]
[Date "2011.11.27"]
[Round "4"]
[White "Michalik,P"]
[Black "Markos,J"]
[Result "1-0"]
[WhiteElo "2511"]
[BlackElo "2596"]

1.e4 c5 2.Nf3 Nc6 3.Nc3 Nf6 4.Bb5 Qc7 5.d3 Nd4 6.Bc4 a6 7.Nxd4 cxd4 8.Ne2 e6
9.Nxd4 Nxe4 10.Bxe6 Bb4+ 11.Kf1 dxe6 12.dxe4 O-O 13.c3 Bc5 14.Nb3 Be7 15.Kg1 b5
16.h4 Bb7 17.Qg4 f5 18.exf5 exf5 19.Bf4 Qxc3 20.Qe2 Qc6 21.Qf1 Bf6 22.Na5 Qe4
23.Bd6 Rfd8 24.Nxb7 Qxb7 25.Rd1 Qc6 26.Qd3 Rd7 27.Qb3+ Qc4 28.Qe3 Rad8 29.Rc1 Qxa2
30.Bc7 Re7 31.Qf4 Rc8 32.Bd6 Rxc1+ 33.Qxc1 Rd7 34.Bg3 Qc4 35.Qe3 Qe4 36.Qb3+ Qc4
37.Qe3 Re7 38.Qb6 Qe6 39.Qb8+ Re8 40.Qb7 Bxb2 41.Kh2 Qe4 42.Qxa6 f4 43.Qa2+ Re6
44.Qxb2 fxg3+ 45.fxg3 Qe2 46.Qd4 Qe5 47.Qb4 h5 48.Rf1 Rf6 49.Re1 Qd5 50.Re8+ Kh7
51.Qb1+ Qf5 52.Qe1 Qg6 53.Qe5 Rb6 54.Qe2 Qg4 55.Qe3 Rg6 56.Re4 Qd1 57.Rd4 Re6
58.Qf2 Qb1 59.Qf7 Qg6 60.Qf3 Re5 61.Rd8 Rf5 62.Qa8 Qe6 63.Re8 Qf7 64.Rh8+ Kg6
65.Rb8 Kh7 66.Qe4 Qg6 67.Qc2 Rf6 68.Qb3 Rf5 69.Qb1 Rg5 70.Qb3 Rf5 71.Qg8+ Kh6
72.Qh8+ Qh7 73.Rb6+ Rf6 74.Rxf6+ gxf6 75.Qxf6+ Qg6 76.Qh8+ Qh7 77.Qf8+ Qg7
78.Qf4+ Kh7 79.Qf5+ Kh6 80.Qxb5 Qf7 81.Qc6+ Kh7 82.Qe4+ Kg7 83.Qe5+ Kh7 84.Qg5 Qe8
85.Qf6 Qe2 86.Qf5+ Kh6 87.Qf3 Qe6 88.Qf4+ Kh7 89.Qd2 Qg4 90.Qd3+ Kh6 91.Kg1 Qe6
92.Kf2 Qf6+ 93.Ke2 Qc6 94.Qe3+ Kh7 95.Qe7+ Kg8 96.Qg5+ Kf8 97.Qf5+ Kg7 98.Qe5+ Kg8
99.Kf2 Qc2+ 100.Kf3 Qd1+ 101.Qe2 Qd4 102.Qe8+ Kg7 103.Qe7+ Kg8 104.Qg5+  1-0

[Event "Vizag GM Open"]
[Site "Visakhapatnam IND"]
[Date "2011.11.29"]
[Round "9"]
[White "Deepan,C"]
[Black "Abhishek,D"]
[Result "1-0"]
[WhiteElo "2492"]
[BlackElo "2354"]

1.e4 c5 2.Nf3 Nc6 3.Nc3 e5 4.Bc4 Be7 5.d3 d6 6.O-O Nf6 7.Ng5 O-O 8.f4 Bg4
9.Qe1 exf4 10.Bxf4 Nd4 11.Qd2 h6 12.Nf3 Nxf3+ 13.gxf3 Be6 14.Kh1 Kh7 15.Rae1 Nh5
16.Be3 Bh4 17.Rd1 Qd7 18.Rg1 Rad8 19.Qe2 Bxc4 20.dxc4 Qh3 21.Qf1 Qxf1 22.Rgxf1 a6
23.Rd3 Bf6 24.Rfd1 Bxc3 25.bxc3 b6 26.Rxd6 Rxd6 27.Rxd6 Rb8 28.a4 a5 29.Kg2 Kg8
30.f4 Kf8 31.Kf3 Ke8 32.f5 Nf6 33.Bxh6 Ke7 34.Bf4 Nh5 35.Rd7+ Kxd7 36.Bxb8 g6
37.Be5 f6 38.Bb8 Kc8 39.fxg6 Kxb8 40.Kg4  1-0

[Event "VIII Regina Prol"]
[Site "Santos BRA"]
[Date "2011.11.30"]
[Round "7.2"]
[White "Blit,J"]
[Black "Abdalla,L"]
[Result "1-0"]
[WhiteElo "2310"]
[BlackElo "2274"]

1.e4 c5 2.Nf3 Nc6 3.Nc3 g6 4.d4 cxd4 5.Nxd4 Bg7 6.Be3 Nf6 7.Bc4 O-O 8.Bb3 d6
9.f3 Bd7 10.Qd2 Rc8 11.O-O-O Ne5 12.h4 h5 13.Bg5 Rc5 14.g4 hxg4 15.f4 Nc4
16.Qe2 Qc8 17.h5 Nxh5 18.Nd5 Rxd5 19.exd5 b5 20.c3 a5 21.f5 Bxf5 22.Nc6 Re8
23.Bxc4 bxc4 24.Nxe7+ Rxe7 25.Qxe7 Bf8 26.Qe3 Qd7 27.a3 Bg7 28.Rd2 Be5 29.Rf2 Ng3
30.Qxg3  1-0

[Event "X Mario Covas"]
[Site "Santos BRA"]
[Date "2011.12.01"]
[Round "8.3"]
[White "Fusco,L"]
[Black "Cubas,Jo"]
[Result "1/2-1/2"]
[WhiteElo "2383"]
[BlackElo "2536"]

1.e4 c5 2.Nc3 Nc6 3.Nge2 e6 4.d4 d5 5.exd5 exd5 6.dxc5 Nf6 7.Be3 Be7 8.h3 O-O
9.g4 Ne5 10.Bg2 Nc4 11.Qd4 Qa5 12.O-O-O Be6 13.g5 Qb4 14.Nb1 Bxc5 15.gxf6 Bxd4
16.Bxd4 Rfc8 17.fxg7 Nxb2 18.Bxb2 Rc4 19.Na3 Rh4 20.Nd4 Rc8 21.Rd3 a6 22.Rhd1 Qe7
23.Nxe6 fxe6 24.Rxd5 Rb4 25.Bc3 Rf4 26.Rd6 Rxf2 27.Bxb7 Qg5+ 28.Kb2 Rxc3
29.Rd8+ Kxg7 30.R8d7+ Kh6 31.Kxc3 Qa5+ 32.Kb3 Qb6+ 33.Kc3 Qa5+ 34.Kb3 Rf4
35.c3 Ra4 36.Nc2 Rxa2 37.Nb4 Qa4+ 38.Kc4 Qb5+ 39.Kb3 Qa4+ 40.Kc4  1/2-1/2

[Event "TCh-AUT 2 Mitte 2011-12"]
[Site "Graz AUT"]
[Date "2011.12.02"]
[Round "4"]
[White "Schink,B"]
[Black "Aschenbrenner,R"]
[Result "0-1"]
[WhiteElo "2069"]
[BlackElo "2270"]

1.e4 c5 2.Nf3 Nc6 3.Nc3 Nf6 4.e5 Ng4 5.Qe2 Qc7 6.Nb5 Qb8 7.d4 cxd4 8.Bf4 f6
9.Nd6+ exd6 10.exd6+ Kd8 11.Ng5 Nge5 12.Bxe5 Nxe5 13.f4 Bxd6 14.fxe5 fxg5
15.exd6 Re8 16.Qxe8+ Kxe8 17.Bc4 Qxd6 18.O-O b5 19.Rae1+ Kd8  0-1

[Event "34th ch-GRE w"]
[Site "Athens GRE"]
[Date "2011.12.03"]
[Round "8"]
[White "Makka,E"]
[Black "Pavlidou,E"]
[Result "0-1"]
[WhiteElo "2110"]
[BlackElo "2176"]

1.e4 c5 2.Nc3 Nc6 3.Nge2 e5 4.Ng3 g6 5.Bc4 Bg7 6.a3 d6 7.d3 h6 8.Be3 Nf6
9.O-O O-O 10.h3 Rb8 11.Qd2 Kh7 12.f4 Nd4 13.Nd5 Nxd5 14.Bxd5 exf4 15.Bxf4 Ne6
16.c3 Nxf4 17.Rxf4 Qg5 18.Qf2 Be6 19.Bxe6 fxe6 20.Rf1 Rxf4 21.Qxf4 Qxf4 22.Rxf4 b5
23.Rf7 a5 24.Re7 b4 25.axb4 cxb4 26.Ne2 a4 27.cxb4 Kg8 28.Ra7 Rxb4 29.Ra8+ Kh7
30.Nc3 Bd4+ 31.Kh2 Be5+ 32.Kg1 Bd4+ 33.Kh2 Rxb2 34.Nxa4 Rb4 35.Kg3 Rb3 36.Re8 Rxd3+
37.Kh2 Ra3 38.Re7+ Kg8 39.Re8+ Kf7 40.Ra8 Rb3 41.Ra6 Rb4 42.Kh1 h5 43.Kh2 h4  0-1

[Event "XVII Navalmoral Open"]
[Site "Navalmoral de la Mata ESP"]
[Date "2011.12.04"]
[Round "3"]
[White "Perez Candelario,Man"]
[Black "Aloma Vidal,R"]
[Result "1-0"]
[WhiteElo "2558"]
[BlackElo "2424"]

1.e4 c5 2.Ne2 Nc6 3.Nbc3 Nf6 4.g3 g6 5.d4 cxd4 6.Nxd4 Bg7 7.Nde2 d5 8.Nxd5 Nxe4
9.Bg2 Nd6 10.O-O O-O 11.c3 e6 12.Ne3 e5 13.b3 Nf5 14.Qxd8 Rxd8 15.Nd5 Nfe7
16.Nxe7+ Nxe7 17.Re1 Nd5 18.Bg5 f6 19.Rad1 Be6 20.Bc1 a5 21.c4 Nb4 22.Nc3 Rd3
23.Rxd3 Nxd3 24.Rd1 Nxc1 25.Rxc1 Rb8 26.Rd1 Bf8 27.Nb5 Bc5 28.Bd5 Kf7 29.Nc7 Bxd5
30.Rxd5 b6 31.Rd7+ Kg8 32.Ne6 Ba3 33.Nc7 Rf8 34.Kf1 Rf7 35.Rd8+ Kg7 36.Ne6+ Kh6
37.Rb8 f5 38.Ke2 f4 39.f3 e4 40.gxf4 exf3+ 41.Kxf3 Rd7 42.Rxb6 Rd3+ 43.Kg4 Rd2
44.Rb7 Re2 45.Ng5 Be7 46.Kf3  1-0

[Event "XXXII Crespi Memorial"]
[Site "Milano ITA"]
[Date "2011.12.05"]
[Round "3"]
[White "Nicolo,F"]
[Black "Montani,F"]
[Result "1/2-1/2"]
[WhiteElo "2024"]
[BlackElo "2245"]

1.e4 c5 2.Nc3 Nc6 3.Bb5 Nd4 4.Nf3 Nxb5 5.Nxb5 a6 6.Nc3 e6 7.O-O d6 8.d4 cxd4
9.Qxd4 Qc7 10.Be3 Nf6 11.Rad1 Be7 12.e5 dxe5 13.Qxe5 Qxe5 14.Nxe5 Nd7 15.Nc4 O-O
16.Nb6 Nxb6 17.Bxb6 Bf6 18.Na4 Re8 19.f4 g6 20.Bd4 Bxd4+ 21.Rxd4 e5 22.fxe5 Bf5
23.Nb6 Rad8 24.Rxd8 Rxd8 25.c4 Rd2 26.Rf2 Rd1+ 27.Rf1 Rd2 28.Rf2  1/2-1/2

[Event "2nd JAHV McGregor Open"]
[Site "Bogota COL"]
[Date "2011.12.07"]
[Round "4"]
[White "Bolivar,J"]
[Black "Aldana,Boris Eugenio"]
[Result "1-0"]
[WhiteElo "2092"]
[BlackElo "1578"]

1.e4 c5 2.Nc3 Nc6 3.Bb5 Nd4 4.Bc4 e6 5.Nge2 a6 6.d3 Be7 7.O-O Bf6 8.f4 d6
9.Ng3 Ne7 10.Nh5 Ng6 11.Nxf6+ Qxf6 12.f5 exf5 13.Nd5 Qd8 14.c3 Nc6 15.exf5 Nge5
16.Qh5 Nxc4 17.Bg5 Qd7 18.dxc4 Rb8 19.Bf6 Kf8 20.Bxg7+ Kxg7 21.Qg5+ Kf8 22.Qh6+ Ke8
23.Nf6+ Kd8 24.Nxd7 Bxd7 25.Qxd6  1-0

[Event "FSGM December 2011"]
[Site "Budapest HUN"]
[Date "2011.12.08"]
[Round "6"]
[White "Simonian,H"]
[Black "Kislik,E"]
[Result "1-0"]
[WhiteElo "2468"]
[BlackElo "2371"]

1.e4 c5 2.Nc3 Nc6 3.Bb5 g6 4.Bxc6 bxc6 5.d3 d6 6.Nge2 Nh6 7.h4 e5 8.f3 f6
9.h5 g5 10.g4 Be6 11.b3 Qd7 12.Ba3 Be7 13.Qd2 Bd8 14.Na4 Ng8 15.Ng3 Ne7 16.h6 Nc8
17.Nf5 Bxf5 18.gxf5 Nb6 19.Nb2 a5 20.Nc4 a4 21.Ke2 O-O 22.Ne3 axb3 23.axb3 Be7
24.Bb2 Rxa1 25.Rxa1 Qb7 26.Ng4 Ra8 27.Ra5 Ra7 28.Bc3 Nd7 29.Ra4 Nb8 30.Ra5 Nd7
31.Qc1 Bd8 32.Ra4 Nb6 33.Ra1 Qa8 34.Rxa7 Qxa7 35.Qb1 Kf8 36.Qb2 Qa6 37.Qb1 Qa3
38.Bb2 Qa5 39.Bc1 Qa6 40.Qb2 Nd7 41.Bd2 Qa7 42.Ne3 Bc7 43.b4 Qb8 44.Qb3 cxb4
45.Bxb4 c5 46.Qe6 Qe8 47.Nd5 cxb4 48.Qxe8+ Kxe8 49.Nxc7+ Kf8 50.Nd5 Nc5 51.Nxb4 Nb7
52.Nd5 Nd8 53.c3 Nb7 54.Kd2 Nc5 55.Kc2  1-0

[Event "Sportaccord WMG Rapid w"]
[Site "Beijing CHN"]
[Date "2011.12.09"]
[Round "1"]
[White "Hou Yifan"]
[Black "Cmilyte,V"]
[Result "1-0"]
[WhiteElo "2578"]
[BlackElo "2503"]

1.e4 c5 2.Nf3 Nc6 3.Nc3 Nf6 4.Bb5 Qc7 5.O-O Nd4 6.Re1 a6 7.Bc4 e6 8.e5 Ng4
9.Nxd4 cxd4 10.Qxg4 Qxc4 11.d3 h5 12.Qg5 Qb4 13.a3 Qe7 14.Ne2 Qxg5 15.Bxg5 Bc5
16.b4 Ba7 17.Bc1 d6 18.exd6 Kd7 19.Bb2 e5 20.c3 dxc3 21.Nxc3 Bd4 22.Na4 Bxb2
23.Nxb2 b5 24.Rxe5 Kxd6 25.d4 f6 26.Rc5 Bb7 27.f3 h4 28.Kf2 Rae8 29.a4 bxa4
30.Nc4+ Kd7 31.Rxa4 Re7 32.h3 Rhe8 33.Ra2 Re6 34.d5 Re1 35.d6 Kd8 36.d7 R8e6
37.Na5 Bxf3 38.gxf3 Kxd7 39.Rd2+ Ke8 40.Nb7 Kf8 41.Rc8+ Re8 42.Rxe8+ Rxe8
43.Rd8 Rxd8 44.Nxd8 Ke7 45.Nb7 Kd7 46.Nc5+ Kc6 47.Nxa6 Kb5 48.Nc7+ Kxb4 49.Ne8  1-0

[Event "Sportaccord WMG Rapid"]
[Site "Beijing CHN"]
[Date "2011.12.10"]
[Round "3"]
[White "Karjakin,Sergey"]
[Black "Vachier Lagrave,M"]
[Result "1/2-1/2"]
[WhiteElo "2763"]
[BlackElo "2710"]

1.e4 c5 2.Nc3 Nc6 3.Nf3 g6 4.d4 cxd4 5.Nxd4 Bg7 6.Be3 Nf6 7.Bc4 Qa5 8.O-O O-O
9.Bb3 d6 10.h3 Bd7 11.Re1 Rac8 12.f4 Nxd4 13.Bxd4 e5 14.fxe5 dxe5 15.Bf2 Bc6
16.Qf3 Kh8 17.Rad1 Nh5 18.Qe3 b6 19.Nd5 Rce8 20.Rf1 Nf4 21.Be1 Qc5 22.Bb4 Qxe3+
23.Nxe3 Bxe4 24.Bxf8 Bxf8 25.Bxf7 Rc8 26.Kh2 Bc5 27.Nd5 Bxg2 28.Rxf4 Bxd5
29.Rff1 Be4 30.Rd7 Be3 31.c3 Bf4+ 32.Kg1 Be3+ 33.Kh2 Bf4+  1/2-1/2

[Event "Sportaccord WMG Rapid w"]
[Site "Beijing CHN"]
[Date "2011.12.10"]
[Round "3"]
[White "Hou Yifan"]
[Black "Muzychuk,A"]
[Result "1/2-1/2"]
[WhiteElo "2578"]
[BlackElo "2562"]

1.e4 c5 2.Nf3 Nc6 3.Nc3 Nf6 4.Bb5 Qc7 5.O-O Nd4 6.Re1 a6 7.Bc4 e6 8.e5 b5
9.Be2 b4 10.exf6 bxc3 11.fxg7 Bxg7 12.dxc3 Nxe2+ 13.Qxe2 Rb8 14.Qe4 d6 15.Qg4 Kf8
16.Rb1 h6 17.Qh5 Qe7 18.Be3 Bb7 19.Rbd1 Kg8 20.Nh4 Bf6 21.Nf3 Kg7 22.Bf4 e5
23.Bg3 Bxf3 24.Qxf3 Rxb2 25.Qg4+ Kf8 26.Qc8+ Kg7 27.Qxa6 Rd8 28.f4 Rxc2 29.Qa4 Rxc3
30.fxe5 dxe5 31.Qg4+ Kh7 32.Qf5+ Kg7 33.Qg4+ Kh7 34.Qf5+ Kg7 35.Qg4+  1/2-1/2

[Event "Sportaccord WMG Rapid w"]
[Site "Beijing CHN"]
[Date "2011.12.10"]
[Round "3"]
[White "Skripchenko,A"]
[Black "Cmilyte,V"]
[Result "1-0"]
[WhiteElo "2468"]
[BlackElo "2503"]

1.e4 c5 2.Nc3 Nc6 3.Bb5 Nd4 4.Bc4 g6 5.Nf3 Bg7 6.Nxd4 cxd4 7.Qf3 Nh6 8.Ne2 O-O
9.d3 Ng4 10.Bb3 d6 11.h3 Ne5 12.Qg3 a5 13.a4 Nd7 14.h4 Nc5 15.Ba2 Be6 16.h5 Bxa2
17.Rxa2 e5 18.Qh2 Qf6 19.f4 Ne6 20.hxg6 fxg6 21.Qxh7+ Kf7 22.Qh4 Qxh4+ 23.Rxh4 Rh8
24.Rxh8 Rxh8 25.Bd2 Rh1+ 26.Kf2 exf4 27.Nxf4 Rd1 28.Ke2 Rxd2+ 29.Kxd2 Nxf4
30.b4 axb4 31.Rb2 Bh6 32.Kd1 Nxg2 33.Rxb4 Ne3+ 34.Ke2 Ke6 35.Rxb7 Nxc2 36.a5  1-0